[Event "RUS-ch Higher League 60th"]
[Site "Krasnoyarsk"]
[Date "2007.09.05"]
[Round "3"]
[White "Vitiugov, Nikita"]
[Black "Vorobiov, Evgeny E"]
[Result "1-0"]
[WhiteElo "2608"]
[BlackElo "2572"]
[Annotator "Vitiugov,N"]
[PlyCount "91"]
[EventDate "2007.09.03"]
[EventType "swiss"]
[EventRounds "11"]
[EventCountry "RUS"]
[SourceTitle "CBM 120"]
[Source "ChessBase"]
[SourceDate "2007.10.02"]
[SourceVersion "1"]
[SourceVersionDate "2007.10.02"]
[SourceQuality "1"]

1. d4 d5 2. Nf3 e6 3. g3 {This way I tried to avoid the QGA, where Evgeny is a
great expert.} b5 $5 {In response Black avoids the Catalan, and very unusual
positions appear.} 4. Bg2 Nf6 5. O-O (5. Nbd2 Bb7 6. Nb3 a5 7. Bd2 Nc6 8. Nc1
Bd6 9. Nd3 O-O 10. O-O Ne4 11. Be3 b4 12. Re1 Ba6 13. Nfe5 Ne7 14. f3 Nf5 15.
Bf4 Nf6 16. c3 $13 {0-1 Ivanchuk,V-Carlsen,M/Morelia/Linares MEX/ESP 2007})
5... Nbd7 ({Evgeny already has experience in this position:} 5... Be7 6. b3 Bb7
7. c4 bxc4 8. bxc4 dxc4 9. Na3 O-O 10. Nxc4 c5 11. dxc5 Bxc5 $11 {Khalifman -
Vorobiov, 2005}) 6. Nbd2 Bb7 7. c3 Be7 8. a4 a6 $146 (8... b4) 9. b4 {White
tries to close the queenside.} (9. Nb3) 9... a5 $1 {Of course, Black can't
afford it.} 10. bxa5 Rxa5 11. Nb3 {In my opinion, this was the only
opportunity to start the fight.} Rxa4 12. Rxa4 bxa4 13. Na5 Qa8 14. Nxb7 (14.
Qxa4 Ba6 $1 $132 (14... c5 $6 15. Bf4 Bd8 16. Ra1 $14) (14... O-O $5)) 14...
Qxb7 15. Qxa4 O-O {At first glance, the position is absolutely equal. But I
was in a very aggressive mood and continued seeking a chance.} 16. c4 $5 (16.
Bf4 $11) 16... Nb6 17. Qb5 c6 18. Qb1 Qa6 (18... dxc4 19. Ne5) 19. c5 {The
pawn structure is changed, White has captured space, but the black pieces have
become more active.} (19. cxd5 $11) 19... Nc4 (19... Nbd7 20. Bf4 $14 {[%csl
Rc6]}) 20. Bf4 Ne4 21. h4 (21. Qb3 g5 $1) 21... f6 $6 {I dislike this
artificial move, though it contains some poison.} (21... Ra8) 22. Qc2 $1 Ra8
23. Ne1 e5 $6 {Black opens the centre, though Na3 looks stronger.} (23... Na3
24. Qd3 (24. Qb2 Qb5) 24... Qxd3 25. Nxd3 (25. exd3 Nc3 26. Nf3 Nc2) 25... Nc2
26. e3 Ra3 $132) 24. Bxe4 dxe4 25. dxe5 ({There is no necessity to sacrifice
the exchange.} 25. Qxe4 exf4 (25... f5 26. Qxf5 exf4 27. Qe6+ Kf8 28. Nd3 $36)
26. Qxe7 Nd2 27. Qe6+ Kf8 28. Qd6+ Kg8 29. Qe6+ $11) 25... fxe5 26. Bc1 $1 {
A strong reply, which could be easily missed a few moves before.} (26. Bg5 Bxg5
27. hxg5 e3 $11) 26... e3 (26... Bxc5 27. Qxe4 $14) 27. Bxe3 Nxe3 28. fxe3 Qa2
29. Qe4 {Black has serious difficultives.} Qxe2 $2 ({Maybe, the endgame
without a pawn was preferable} 29... Qd5 $5 30. Qxd5+ cxd5 31. Nd3 e4 32. Nf4
Bxc5 33. Nxd5 Rd8 34. Rf5 g6 35. Nf6+ Kf7 36. Rf1 $5 $14 (36. Rxc5 Kxf6 37. g4
Rd7 38. Kf2 Ke6 39. Kg3 Rf7 $14)) ({After taking another pawn, Black also had
difficultives:} 29... Bxc5 30. Nd3 Bb6 (30... Qxe2 31. Nxc5 Ra2 32. Rf8+ $18)
31. Qxc6 Bxe3+ 32. Kh1 Bd4 33. Nb4 $36) 30. Qxc6 Qxe3+ 31. Kh2 Rf8 (31... Qe2+
32. Ng2) 32. Qd5+ (32. Qe6+ Kh8 33. Qxe7 $4 Qe2+ $19) 32... Kh8 33. Rxf8+ Bxf8
34. Nd3 {The almost forced resulting position looks rather hard for Black. In
analysis I wasn't able to find a satisfactory continuation for Black. But It's
hard to believe, that Black's position is already lost.} Qe2+ 35. Kg1 h5 $6
$138 {In zeitnot Evgeny makes the decisive mistake.} (35... h6 36. c6 Qd1+ 37.
Kg2 Qc2+ 38. Nf2 Be7 (38... Bc5 $2 39. Qd8+ Kh7 40. Qd3+ $18) 39. Qd7 $18) (
35... e4 36. Qf7 $18) (35... Qd1+ 36. Kg2 Qe2+ 37. Nf2 e4 38. Qxe4 $1 $18) 36.
c6 e4 37. Nf4 $18 Qe3+ 38. Kh2 Qf2+ 39. Ng2 Bc5 40. Qxh5+ {White takes the
black pawns with check, and the game ends.} Kg8 41. Qe8+ Kh7 42. Qxe4+ g6 43.
c7 $1 Qg1+ (43... Bd6 44. Qd3 $1 $18) 44. Kh3 Qh1+ 45. Kg4 Qd1+ 46. Kg5 1-0

[Event "BCF-ch 84th"]
[Site "Hove"]
[Date "1997.08.05"]
[Round "2"]
[White "Wall, Gavin"]
[Black "Levitt, Jonathan"]
[Result "1-0"]
[WhiteElo "2330"]
[BlackElo "2440"]
[Annotator "Wall,G"]
[PlyCount "83"]
[EventDate "1997.08.04"]
[EventType "swiss"]
[EventRounds "11"]
[EventCountry "ENG"]
[SourceTitle "EXT 1999"]
[Source "ChessBase"]
[SourceDate "1998.11.16"]
[SourceVersion "1"]
[SourceVersionDate "1998.11.16"]
[SourceQuality "1"]

1. d4 Nf6 2. Nf3 e6 3. Bf4 b5 4. e3 a6 5. a4 b4 6. c4 bxc3 7. Nxc3 Bb4 $6 8.
Rc1 O-O 9. Bd3 a5 10. O-O Ba6 (10... d5 {may be better}) 11. e4 Bxd3 12. Qxd3
d5 13. e5 Ne8 14. Ng5 g6 15. Qh3 h5 16. g4 Be7 17. Qh4 Ng7 18. gxh5 $6 (18. Kh1
$1 {followed by Rg1}) 18... Nxh5 19. Kh1 Kg7 20. Rg1 Rh8 21. Be3 Ra6 22. Qg4 {
(With the threat of Nxf7)} Bxg5 23. Bxg5 Qd7 24. Qf3 Rh7 {(White has a claer
advantage and should consolidate on the queen-side. But he starts to lose the
thread)} 25. Rg4 $6 Rb6 26. Nb5 Rc6 27. Rcg1 $6 Na6 28. Bf6+ Kf8 29. Bh4 Kg8
30. Nc3 {(White still has a slight advantage)} Rb6 31. Qe2 c5 32. Nb5 cxd4 33.
Rc1 Rc6 34. Rxc6 $6 Qxc6 35. Nxd4 Qc1+ 36. Rg1 Qf4 37. Rg4 Qc1+ 38. Rg1 Qc8 $4
(38... Qf4 {forces the draw, of course, but the text is terrible}) 39. Bg5 Ng7
40. Qb5 Nb4 41. Rc1 Qa8 42. Qd7 1-0

[Event "YUG-ch 56th"]
[Site "Herceg Novi"]
[Date "2001.04.08"]
[Round "15"]
[White "Kosic, Dragan"]
[Black "Pikula, Dejan"]
[Result "0-1"]
[WhiteElo "2504"]
[BlackElo "2513"]
[Annotator "Wells,P"]
[PlyCount "80"]
[EventDate "2001.03.23"]
[EventType "tourn"]
[EventRounds "15"]
[EventCountry "YUG"]
[EventCategory "10"]
[SourceTitle "CBM 083"]
[Source "ChessBase"]
[SourceDate "2001.07.05"]
[SourceVersion "1"]
[SourceVersionDate "2001.07.05"]
[SourceQuality "1"]

1. d4 Nf6 2. Bg5 e6 3. e4 h6 4. Bxf6 Qxf6 5. Nc3 d6 6. Qd2 c6 7. Nf3 Nd7 8.
O-O-O Be7 9. h4 e5 10. Kb1 a6 11. Be2 {[%csl Rb6][%cal Gd7f8,Gf8e6,Gc8g4,Yc3a4]
} Nf8 $1 {As I discussed in the column, the question that interests me is
whether black's development deficit renders this just too much of a luxury. It
is true that the alternatives are not appealing: in particular} (11... O-O $6 {
is well met with} 12. g4 $1 Qf4 13. Qxf4 exf4 14. g5 h5 15. Ne1 g6 16. Nd3 {
[%csl Rf4]}) 12. Qe3 $5 {My initial feeling was that this might be not quite
to the point. Now I recognise that given its role in preventing ...Bg4 this is
probably rather a good move. The alternative:} (12. Na4 Bg4 $1 13. Nb6 $1 {
is a reasonable attempt to hinder black in implementing his plan, but much
more than this it does not seem to offer.} (13. Qb4 $6 Rb8 14. Bxa6 $6 (14. Qb6
$6 Nd7 15. Qc7 Bd8 $1 $15) (14. Nb6) 14... Bxf3 15. gxf3 Qxf3 16. Bxb7 Nd7 $1
$15) 13... Rd8 $13) 12... Bd8 (12... Bg4 $6 13. dxe5 dxe5 14. Qb6 {is annoying
for black.}) 13. dxe5 dxe5 14. Na4 Nd7 15. Nc5 (15. Rd3 $5) 15... Nxc5 16. Qxc5
Bc7 17. Nd2 Qe7 18. Qe3 Be6 {and black is successfully developing, and can
hope for a light initiative on the light squares.} 19. g3 O-O-O 20. f4 g6 21.
h5 exf4 22. gxf4 g5 23. fxg5 hxg5 24. Nb3 Kb8 25. Nd4 Bd7 26. Qb3 Ka7 27. Rhf1
f6 28. a4 Bb6 29. Rfe1 g4 30. Bf1 Rxh5 31. Nf5 Bxf5 32. exf5 Rxd1+ 33. Rxd1
Rxf5 34. Qd3 Rf3 35. Qc4 f5 36. Bd3 a5 37. Rh1 g3 38. Qg8 Qd8 39. Qg6 Qd5 40.
Re1 g2 0-1

[Event "Olympiad-43"]
[Site "Batumi"]
[Date "2018.09.26"]
[Round "3.4"]
[White "Yu, Yangyi"]
[Black "Vera Siguenas, Deivy Anthoni"]
[Result "1-0"]
[WhiteElo "2765"]
[BlackElo "2494"]
[Annotator "Yu,Yangyi"]
[PlyCount "57"]
[EventDate "2018.09.24"]
[EventType "team-swiss"]
[EventRounds "11"]
[EventCountry "GEO"]
[SourceTitle "CBM 187"]
[Source "ChessBase"]
[SourceDate "2018.12.11"]
[SourceVersion "1"]
[SourceVersionDate "2018.12.11"]
[SourceQuality "1"]
[WhiteTeam "China"]
[BlackTeam "Peru"]
[WhiteTeamCountry "CHN"]
[BlackTeamCountry "PER"]

{[%evp 0,57,19,31,14,30,23,12,49,15,15,35,45,37,38,38,37,25,36,11,27,29,46,42,
46,47,86,96,118,150,177,77,77,68,127,109,103,88,117,106,203,166,187,216,204,12,
57,157,159,220,268,257,224,101,63,63,63,197,111,49]} {This was the third round
of the Olympiad, and the Chinese team competed with Peru. I hadn't played
against my opponent before.} 1. d4 Nf6 2. Nf3 e6 3. g3 b5 4. e3 b4 $6 {The
opening is not very common. Here I think Black should better play ...a6.} (4...
c5 5. Bxb5 cxd4 6. exd4 (6. Nxd4 $5) 6... Qa5+ 7. Nc3 Bb4 8. a4 $14) (4... a6
$5 5. a4 b4 6. Bg2 Bb7) 5. a3 $146 Bb7 {Now Black's pawn structure will be
destroyed.} (5... c5 $5) 6. axb4 Bxb4+ 7. Nbd2 O-O (7... a5 8. Bg2) 8. Bg2 Be7
(8... a5 $5 9. O-O) 9. Nb3 d5 (9... Nc6 10. O-O a5 11. c4 Ra6 $13 {White is
slightly better.} (11... a4 12. Nbd2 Nb4 13. Rxa4 Rxa4 14. Qxa4 $14)) (9... Qc8
10. O-O $14) 10. O-O Qc8 11. Na5 Ba6 12. c4 $16 {Because Black position is not
coordinated, White has the advantage.} Ne4 13. Nd2 (13. Bd2) 13... f5 14. Nxe4
fxe4 15. b3 Nd7 16. Nc6 Bf6 17. Ba3 Re8 18. Qg4 Nb8 (18... Bb7 19. Na5 {
with advantage.}) 19. Na5 Qd8 20. f3 $1 {[%cal Gf1f8] [#]} exf3 {This opens
the f-file and allows the white rook to attack.} (20... Bc8 21. fxe4 e5 22. Qh5
exd4 23. cxd5 dxe3 24. Rxf6 gxf6 25. Bb2 {and White wins.}) 21. Rxf3 c6 22.
Raf1 {[%csl Ra6,Ra7,Ra8,Rb8] [#]} Kh8 {White's attack has shifted from the
queenside to the kingside.} 23. Qh5 $1 $18 {[%csl Rh8][%cal Gg3g4,Gf3h3,Gh3h8]
[#]} Rg8 (23... Nd7 24. Nxc6 Qb6 25. g4 Qxc6 (25... g6 26. Qh6 Bg7 27. Qh4 Qxc6
28. Rh3) 26. Rh3 h6 27. g5 $18 {and White wins.}) 24. g4 $1 g6 25. Qh3 Bg7 26.
Rf7 Qxa5 27. Bd6 ({Also possible was} 27. Rxg7 Rxg7 28. Rf8+ Rg8 29. Qh6 Nd7
30. Rf7 Nf6 31. Be7 Qe1+ 32. Bf1 Qf2+ 33. Kxf2 Nxg4+ 34. Kf3 Nxh6 35. Bf6+ Rg7
36. Rxg7 Rf8 37. Rxg6+ Rxf6+ 38. Rxf6 $18 {and White wins.}) 27... Qd8 (27...
dxc4 28. Be4) 28. R1f3 $1 {[%cal Gf3h3,Gh3h8] [#]} g5 (28... Qxd6 29. Qxh7+
Kxh7 30. Rh3#) 29. Qh5 $1 {[%cal Gf3h3] Black resigned, since he cannot stop
the attack with rook h3. In this game, White first gained an advantage on the
queenside. In the middle game, he turned his attention to the kingside opening
the f-file, whereupon the active double rooks finally attacked Black's king
and won the victory.} (29. Bf1 dxc4 30. bxc4 $18) 1-0